01724 a2200181 45000010006000000050017000060080041000230030015000640400040000790800032001192450062001510200018002132640057002313000019002885051198003070410008015051000029015133481420260407155633.0260407a1987 arg spa dAR-UNSa-BCEJYS aAR-UNSa-BCEJYSbspacAR-UNSa-BCEJYS a336.763xTítulos. Valores10aInversiones en títulos públicosptratamiento integral a950-541-046-8 1aBuenos Aires :bEdiciones Contabilidad Modernac1987 a371 p.c22 cm. a1. Características fundamentales del título - 2. Tratamiento de las compras - 3. Resultados por rentas - 4. Resultados por venta de cupones de renta - 5. Resultados por amortización - 6. Valuación al cierre - 7. Resultados por venta - 8. Caso práctico. Resumen - 9. Reexpresion de los resultados de operaciones con bonex - 10. Características fundamentales del título - 11. Tratamiento de las compras - 12. Resultados por renta - 13. Resultados por amortización - 14. Valuación al cierre - 15. Resultados por venta - 16. Características fundamentales del título - 17. Tratamiento de las compras - 18. Resultados por renta - 19. Resultados pora amortización - 20. Valuación al cierre - 21. Resultados por venta - 22. Características fundamentales del título - 23. Tratamiento de las compras - 24. Resultados por renta - 25. Resultados por amortización - 26. Valuación al cierre - 27. Resultados por venta - 28. Características fundamentales del título - 29. Tratamiento de las compras - 30. Resultados por renta - 31. Resultados por amortización - 32. Valuación al cierre - 33. Resultados por renta - 34. Características fundamentales del título -  aspa1 aSenderovich, Pablo David